Sports Quiz

Random Sports or Soccer Quiz

Best Soccer Players according to Fifa 15 Quiz Stats

 Plays Quiz not verified by Sporcle

Challenge
Share
Tweet
Embed
Score 0/43 Timer 08:00
0 Plays Today
country Answer % Correct
ArgentinaLionel Messi
99.6%
PortugalCristiano Ronaldo
99.4%
SwedenZlatan Ibrahimovic
97.1%
NetherlandsArjen Robben
96.7%
UruguayLuis Suarez
95.6%
BelgiumEden Hazard
93.6%
GermanyManuel Neuer
93.3%
WalesGareth Bale
92.9%
SpainAndres Iniesta
92.2%
Brazil Neymar
90%
Netherlands Robin Van Persie
89.3%
EnglandWayne Rooney
85.7%
FranceFrank Ribery
85.6%
PolandRobert Lewandowski
85.3%
ColombiaRadamel Falcao
85.2%
CroatiaLuka Modric
85.2%
Ivory CoastYaya Toure
84.9%
ColombiaJames Rodriguez
83.5%
Brazil Thiago Silva
82.2%
SpainDavid Silva
81.4%
GermanyBastian Schweinsteiger
80.9%
GermanyPhillip Lahm
80.2%
country Answer % Correct
GermanyThomas Muller
79.4%
SpainXavi Hernandez
77.9%
SpainSergio Ramos
73.7%
UruguayEdison Cavani
73.2%
FranceKarim Benzema
72%
ArgentinaAngel Di Maria
70.9%
Belgium Vincent Kompany
70.3%
GermanyMario Gotze
68.7%
GermanyJerome Boateng
66.1%
BelgiumThibaut Courtois
65.7%
GermanyMarco Reus
64.2%
ChileArturo Vidal
64.2%
GermanyMats Hummels
62.5%
GermanyMesut Ozil
62.5%
BrazilDiego Costa
58.4%
GermanyToni Kroos
56.7%
SpainSergio Busquets
49.2%
ArgentinaCarlos Tevez
49.1%
FranceHugo Lloris
48.3%
SpainJuan Mata
37.4%
SpainJavi Matinez
25.6%

You're not logged in!

Compare scores with friends on all Sporcle quizzes.
Join for Free
OR
Log In

You Might Also Like...

Show Comments

Extras

Top Quizzes Today


Score Distribution

Your Account Isn't Verified!

In order to create a playlist on Sporcle, you need to verify the email address you used during registration. Go to your Sporcle Settings to finish the process.

Report this User

Report this user for behavior that violates our Community Guidelines.

Details: